000 00747nam a2200229 i 4500
001 183158
003 ES-MaACL
005 20251120144417.0
008 140128s1987 sp | |||||||| | spa d
020 _a84-86559-13-8
080 _a821.111(73)-32"18"
100 1 _aTwain, Mark.
_9111791
245 1 0 _aDiario de Adán y Eva /
_cMark Twain ; prólogo de Jorge Luis Borges.
250 _a[1ª ed.].
260 _aMadrid :
_bEdiciones del Dragón,
_c1987.
300 _a87 p. ;
_c20 cm.
490 1 _aBiblioteca del dragón ;
_v10
700 1 _aBorges, Jorge Luis,
_d1899-1986
_9242526
830 0 _aBiblioteca del dragón ;
_v10
_9224943
852 _aES-MaACL
_jL-29968
_z.- Donat. Miguel A. Velasco
999 _c183158
_d183158